|
|
|
|
| LEADER |
02284nam a2200565 a 4500 |
| 001 |
nkc20132482131 |
| 003 |
CZ PrNK |
| 005 |
20140312083252.0 |
| 007 |
ta |
| 008 |
131217s2013 xr a f m 000 0 cze |
| 015 |
|
|
|a cnb002482131
|
| 020 |
|
|
|a 978-80-248-3090-2
|q (brož.)
|z 978-80-248-3090-5 :
|c neprodejné
|
| 035 |
|
|
|a (OCoLC)870286776
|
| 040 |
|
|
|a BOA001
|b cze
|
| 041 |
0 |
|
|a cze
|b eng
|
| 072 |
|
7 |
|a 620.1/.2
|x Nauka o materiálu
|2 Konspekt
|9 19
|
| 080 |
|
|
|a 621.565.93/.95
|2 MRF
|
| 080 |
|
|
|a 662.613.5:66.040.47
|2 MRF
|
| 080 |
|
|
|a 669.715
|2 MRF
|
| 080 |
|
|
|a 620.193
|2 MRF
|
| 080 |
|
|
|a (043.3)378.245
|2 MRF
|
| 080 |
|
|
|a (048.3)
|2 MRF
|
| 100 |
1 |
|
|a Drozdová, Zita
|7 mzk2013800157
|4 dis
|
| 245 |
1 |
0 |
|a Životnost tepelných výměníků z Al slitin v prostředí kondenzátů spalin výfukových plynů :
|b souhrn disertační práce /
|c [Zita Drozdová]
|
| 250 |
|
|
|a 1. vyd.
|
| 260 |
|
|
|a Ostrava :
|b Vysoká škola báňská - Technická univerzita Ostrava,
|c 2013
|
| 300 |
|
|
|a 29 s. :
|b barev. il. ;
|c 21 cm
|
| 500 |
|
|
|a "Studijní obor Materiálové vědy a inženýrství"
|
| 500 |
|
|
|a Souhrn disertační práce--Vysoká škola báňská - Technická univerzita Ostrava, Fakulta metalurgie a materiálového inženýrství, katedra neželezných kovů, rafinace a recyklace, 2013
|
| 500 |
|
|
|a 15 výt.
|
| 504 |
|
|
|a Obsahuje bibliografii
|
| 546 |
|
|
|a Anglické resumé
|
| 650 |
0 |
7 |
|a výměníky tepla
|7 ph158502
|2 czenas
|
| 650 |
0 |
7 |
|a kondenzace spalin
|7 ph629406
|2 czenas
|
| 650 |
0 |
7 |
|a slitiny hliníku
|7 ph162641
|2 czenas
|
| 650 |
0 |
7 |
|a koroze
|7 ph121875
|2 czenas
|
| 650 |
0 |
9 |
|a heat exchangers
|2 eczenas
|
| 650 |
0 |
9 |
|a flue gases condensation
|2 eczenas
|
| 650 |
0 |
9 |
|a aluminium alloys
|2 eczenas
|
| 650 |
0 |
9 |
|a corrosion
|2 eczenas
|
| 655 |
|
7 |
|a doktorské disertace
|7 fd186751
|2 czenas
|
| 655 |
|
7 |
|a teze
|7 fd133701
|2 czenas
|
| 655 |
|
9 |
|a higher doctoral dissertations
|2 eczenas
|
| 655 |
|
9 |
|a abstracts
|2 eczenas
|
| 710 |
2 |
|
|a Vysoká škola báňská - Technická univerzita Ostrava.
|b Katedra neželezných kovů, rafinace a recyklace
|7 kn20031106010
|
| 910 |
2 |
|
|a BOA001
|b 2-1316.016
|
| 990 |
|
|
|a BK
|
| 995 |
|
|
|a 01
|
| 991 |
|
|
|b 201401
|c NOV
|e n
|
| 996 |
6 |
|
|b 2610573240
|c 2-1316.016
|l MZK
|r Sklad / do 1 hodiny
|n 1
|p p.v.
|w 001387988
|u 000010
|a 1
|e BOA001
|j MZK50
|s P
|